Medical physics and biomedical engineering / (رقم التسجيلة. 77277)
[ عرض عادي ]
| 000 -الفاتح | |
|---|---|
| حقل البيانات ثابتة الطول | 01802cam a22004214a 4500 |
| 001 - رقم الضبط | |
| رقم الضبط | 1213254 |
| 003 - محدد رقم الضبط | |
| رقم الضبط | OSt |
| 005 - وقت وتاريخ اخر تعامل مع التسجيلة | |
| رقم الضبط | 20190822111011.0 |
| 008 - عناصر البيانات ثابتة الطول - معلومات عامة | |
| حقل البيانات ثابتة الطول | 990414s1999 nz a b 001 0 eng c |
| 010 ## - رقم ضبط مكتبة الكونجرس | |
| رقم ضبط مكتبة الكونجرس | 99023505 |
| 020 ## - الرقم الدولى المعيارى للكتب | |
| الرقم الدولى المعيارى للكتاب | 0750303670 (hard cover : alk. paper) |
| 020 ## - الرقم الدولى المعيارى للكتب | |
| الرقم الدولى المعيارى للكتاب | 0750303689 (paperback : alk. paper) |
| 040 ## - مصدر الفهرسة | |
| وكالة الفهرسة الأصلية | DNLM/DLC |
| وكالة النسخ | DLC |
| وكالة التعديل | DLC |
| 042 ## - رمز التحقق | |
| رمز التحقق | pcc |
| 050 00 - رقم طلب مكتبة الكونجرس | |
| رقم التصنيف | R895 |
| رقم المادة | .M375 1999 |
| 060 10 - رقم الطلب بالمكتبة الطبية الوطنية | |
| رقم التصنيف | QT 34 |
| رقم المادة | M48905 1999 |
| 082 00 - رقم تصنيف ديوى العشرى | |
| رقم التصنيف | 612.014 |
| رقم الطبعة | 21 |
| رقم المادة | MEP |
| 245 00 - بيان العنوان | |
| العنوان | Medical physics and biomedical engineering / |
| بيان المسئوليه,etc | B.H. Brown ... [et al.]. |
| 260 ## - PUBLICATION, DISTRIBUTION, ETC. (IMPRINT) | |
| مكان الناشر او الموزع | Bristol ; |
| -- | Philadelphia : |
| اسم الناشر او الموزع | Institute of Physics Pub., |
| تاريخ النشر أو التوزيع | 1999. |
| 300 ## - الوصف المادى | |
| التعداد | xxvi, 736 p. : |
| تفاصيل ماديه اخرى للوعاء | ill. ; |
| أبعاد الوعاء | 25 cm. |
| 440 #0 - بيان السلسلة/مدخل إضافى-العنوان | |
| العنوان | Medical science series |
| 9 (RLIN) | 74912 |
| 500 ## - تبصرة عامة | |
| تبصرة عامة | Based on: Medical physics and physiological measurement / B.H. Brown & R.H. Smallwood. Oxford ; Boston : Blackwell Scientific Publications, 1981. |
| 504 ## - تبصرة ببليوجرافية | |
| تبصرة ببليوجرافية,الخ | Includes bibliographical references and index. |
| 650 #0 - المدخل الاضافى بالموضوع-مصطلح موضوعى | |
| مصطلح موضوعي أو اسم جغرافي كعنصر مدخل | Medical physics. |
| 9 (RLIN) | 74913 |
| 650 #0 - المدخل الاضافى بالموضوع-مصطلح موضوعى | |
| مصطلح موضوعي أو اسم جغرافي كعنصر مدخل | Biomedical engineering. |
| 9 (RLIN) | 74914 |
| 650 #0 - المدخل الاضافى بالموضوع-مصطلح موضوعى | |
| مصطلح موضوعي أو اسم جغرافي كعنصر مدخل | Human physiology |
| التقسيم الفرعي العام | Measurement. |
| 9 (RLIN) | 74915 |
| 650 #0 - المدخل الاضافى بالموضوع-مصطلح موضوعى | |
| مصطلح موضوعي أو اسم جغرافي كعنصر مدخل | Biomedical engineering. |
| 9 (RLIN) | 74914 |
| 650 #0 - المدخل الاضافى بالموضوع-مصطلح موضوعى | |
| مصطلح موضوعي أو اسم جغرافي كعنصر مدخل | Human physiology |
| التقسيم الفرعي العام | Measurement. |
| 9 (RLIN) | 74915 |
| 650 12 - المدخل الاضافى بالموضوع-مصطلح موضوعى | |
| مصطلح موضوعي أو اسم جغرافي كعنصر مدخل | Biophysics. |
| 9 (RLIN) | 74916 |
| 650 22 - المدخل الاضافى بالموضوع-مصطلح موضوعى | |
| مصطلح موضوعي أو اسم جغرافي كعنصر مدخل | Biomedical Engineering. |
| 9 (RLIN) | 74917 |
| 700 1# - المدخل الاضافى - اسم شخصى | |
| الإسم الشخصى | Brown, B. H. |
| الشكل الأكمل للاسم | (Brian H.) |
| 9 (RLIN) | 74918 |
| 700 1# - المدخل الاضافى - اسم شخصى | |
| الإسم الشخصى | Brown, B. H. |
| الشكل الأكمل للاسم | (Brian H.) |
| عنوان العمل | Medical physics and physiological measurement. |
| 9 (RLIN) | 74919 |
| 856 42 - الوصول و الموقع الالكترونى | |
| مواد محددة | Publisher description |
| معرف المصدر الموحد | <a href="http://www.loc.gov/catdir/enhancements/fy0661/99023505-d.html">http://www.loc.gov/catdir/enhancements/fy0661/99023505-d.html</a> |
| 906 ## - عنصر بيانات محلى F, LDF (RLIN) | |
| a | 7 |
| b | cbc |
| c | orignew |
| d | 1 |
| e | ocip |
| f | 19 |
| g | y-gencatlg |
| 942 ## - عناصر المدخل الإضافي( كوها) | |
| مصدر التصنيف او مخطط الترفيف | Dewey Decimal Classification |
| Koha [default] item type | كتاب |
| حالة الفقد | نموذج السعر الفعال | حالة تلف | ليس للاعارة | رقم الطلب | تاريخ الاكتساب | الموقع الحالي | الباركود | الفرع الرئيسي | Date last seen | نوع المادة فى نظام كوها | مصدر التصنيف او خطة الترفيف | Total Checkouts |
|---|---|---|---|---|---|---|---|---|---|---|---|---|
| 2019-08-22 | 612.014 MEP | 2019-08-22 | المكتبة المركزية بالمجمعة (CL) | 00158022 | المكتبة المركزية بالمجمعة (CL) | 2019-08-22 | كتاب | Dewey Decimal Classification | ||||
| 2019-08-22 | 612.014 MEP | 2019-08-22 | المكتبة المركزية بالمجمعة (CL) | 00158023 | المكتبة المركزية بالمجمعة (CL) | 2019-08-22 | كتاب | Dewey Decimal Classification | ||||
| 2019-08-22 | 612.014 MEP | 2019-08-22 | المكتبة المركزية بالمجمعة (CL) | 00158024 | المكتبة المركزية بالمجمعة (CL) | 2019-08-22 | كتاب | Dewey Decimal Classification |
